000 00785nam a2200253 i 4500
001 000026060
003 DO-SdBNP
005 20250911141337.0
007 ta
008 110228s1987 dr r 000 0 spa d
040 _aDO-SdBNP
_bspa
_cBNPHU
_erda
041 _aspa
082 4 _axxxx
_bA561p
_222
100 1 _aAndrés, Mateo,
_eautor
_97205
_4aut,
245 1 0 _aPuedo ser otro ... y feliz /
_cMateo Andrés ; prólogo, Fco. José Arnaiz.
264 1 _aSanto Domingo :
_bEdiciones MSC,
_c1987.
300 _a175 páginas :
_bilustraciones ;
_c22 cm.
336 _atexto
_btxt
_2rdacontent
337 _asin mediación
_bn
_2rdamedia
338 _avolumen
_bnc
_2rdacarrier
590 _aInventariado, BT
700 1 _aArnaiz, José Fco.,
_eprologuista
_4pr.
_953006
942 _2ddc
_cLBS1
999 _c25552
_d25552